00000000cam 2200000zi 4500
0019.963082
003CaOODSP
00520260526104129
006m     o  d f      
007cr |n|||||||||
008260526t20202020oncabod ob   f000 0 eng d
040 |aCaOODSP|beng|erda|cCaOODSP
043 |an-cn-nt
0861 |aM183-2/8714E-PDF
1001 |aCampbell, J. E., |eauthor.
24510|aField data, till composition, and ice-flow history, south Rae Craton, Northwest Territories : |bresults from the GEM-2 South Rae project — surficial mapping activity / |cJ.E. Campbell, M.W. McCurdy, G. Lauzon, D. Regis, and M. Wygergangs.
264 1|a[Ottawa] : |bGeological Survey of Canada, |c2020.
264 4|c©2020
300 |a1 online resource (1 volume (various pagings)) : |bmaps, figures, photographs, charts.
336 |atext|btxt|2rdacontent
337 |acomputer|bc|2rdamedia
338 |aonline resource|bcr|2rdacarrier
4901 |aOpen file ; |v8714
504 |aIncludes bibliographical references.
650 0|aDrift|zNorthwest Territories|xAnalysis.
650 0|aDrift|zNorthwest Territories|xComposition.
650 0|aGlaciology|zNorthwest Territories.
650 6|aDrift (Glaciologie)|zTerritoires du Nord-Ouest|xAnalyse.
650 6|aDrift (Glaciologie)|zTerritoires du Nord-Ouest|xComposition.
650 6|aGlaciologie|zTerritoires du Nord-Ouest.
7102 |aGeological Survey of Canada, |eissuing body.
830#0|aOpen file (Geological Survey of Canada)|v8714.|w(CaOODSP)9.506878
85640|qPDF|s39.9 MB|uhttps://publications.gc.ca/collections/collection_2026/rncan-nrcan/m183-2/M183-2-8714-eng.pdf
8564 |qHTML|sN/A|uhttps://doi.org/10.4095/327218